[Event "4NCL/Div4/PONTY vs. JUTK"]
[Site "Birmingham ENG"]
[Date "2006.09.23"]
[Round "1.1"]
[White "Adams, Mark A"]
[Black "Naylor, John"]
[Result "1-0"]
[WhiteElo "2000"]
[BlackElo "2227"]
[PlyCount "32"]
[EventDate "2006.09.23"]
[EventType "team"]
[EventRounds "11"]
[EventCountry "ENG"]
[WhiteTeam "Pontypridd"]
[BlackTeam "Jutes of Kent"]

1. e4 e5 2. Nf3 Nc6 3. Bb5 f5 4. d3 fxe4 5. dxe4 Nf6 6. O-O Bc5 7. Qe2 d6 8.
Qc4 Bd7 9. Bxc6 Bxc6 10. Nxe5 Bxf2+ 11. Rxf2 dxe5 12. Nc3 Qe7 13. Be3 a6 14.
Rd1 Rd8 15. Rff1 Rxd1 16. Rxd1 Qf7 1-0

[Event "4NCL/Div4/PONTY vs. JUTK"]
[Site "Birmingham ENG"]
[Date "2006.09.23"]
[Round "1.2"]
[White "Mack, Andy"]
[Black "Robinson, David"]
[Result "1-0"]
[WhiteElo "2226"]
[BlackElo "1999"]
[PlyCount "47"]
[EventDate "2006.09.23"]
[EventType "team"]
[EventRounds "11"]
[EventCountry "ENG"]
[WhiteTeam "Jutes of Kent"]
[BlackTeam "Pontypridd"]

1. e4 d5 2. exd5 Qxd5 3. Nc3 Qa5 4. Bc4 Nf6 5. d4 c6 6. Qe2 Bg4 7. f3 Bf5 8. g4
Bg6 9. Bd2 e6 10. Nd5 Qd8 11. Nxf6+ gxf6 12. O-O-O Nd7 13. h4 h5 14. Nh3 Bd6
15. g5 Bf5 16. gxf6 Bxh3 17. Rxh3 Qxf6 18. Kb1 Qf5 19. Rhh1 Bf4 20. Bc3 O-O-O
21. d5 e5 22. dxc6 bxc6 23. Rd6 Kc7 24. Bd3 1-0

[Event "4NCL/Div4/PONTY vs. JUTK"]
[Site "Birmingham ENG"]
[Date "2006.09.23"]
[Round "1.3"]
[White "Gilbert, Jonathan A"]
[Black "Harakis, Alexis"]
[Result "0-1"]
[WhiteElo "2061"]
[BlackElo "2154"]
[PlyCount "86"]
[EventDate "2006.09.23"]
[EventType "team"]
[EventRounds "11"]
[EventCountry "ENG"]
[WhiteTeam "Pontypridd"]
[BlackTeam "Jutes of Kent"]

1. e4 e6 2. d4 d5 3. Nc3 Bb4 4. e5 c5 5. a3 Bxc3+ 6. bxc3 Ne7 7. Qg4 Qc7 8.
Qxg7 Rg8 9. Qxh7 cxd4 10. Ne2 Nbc6 11. f4 Bd7 12. Qd3 dxc3 13. Qxc3 Nf5 14. Be3
O-O-O 15. Bf2 d4 16. Qd2 f6 17. g4 Ne3 18. Bxe3 dxe3 19. Qxe3 fxe5 20. Rg1 exf4
21. Qxf4 e5 22. Qc4 b5 23. Qc5 Qa5+ 24. c3 e4 25. Nd4 Rg6 26. Nb3 Qc7 27. O-O-O
Qf4+ 28. Kb1 Rg5 29. Qd6 Qf2 30. Rg2 Qb6 31. h4 Bxg4 32. Qxd8+ Nxd8 33. Rxg4
Rxg4 34. Bh3 Qg6 35. Rg1 e3+ 36. Kb2 e2 37. Rxg4 Qe6 38. Nd4 e1=Q 39. Nxe6 Qe2+
40. Kb1 Nxe6 41. Rd4 Kc7 42. Bxe6 Qxe6 43. Rb4 a5 0-1

[Event "4NCL/Div4/PONTY vs. JUTK"]
[Site "Birmingham ENG"]
[Date "2006.09.23"]
[Round "1.4"]
[White "Donovan, Nigel"]
[Black "Davies, Peter L"]
[Result "0-1"]
[WhiteElo "2119"]
[BlackElo "1988"]
[PlyCount "86"]
[EventDate "2006.09.23"]
[EventType "team"]
[EventRounds "11"]
[EventCountry "ENG"]
[WhiteTeam "Jutes of Kent"]
[BlackTeam "Pontypridd"]

1. e4 c5 2. Nf3 g6 3. d4 cxd4 4. Qxd4 Nf6 5. Bb5 Nc6 6. Bxc6 dxc6 7. Qxd8+ Kxd8
8. Nc3 Bg7 9. Bf4 Ke8 10. e5 Nh5 11. g3 Nxf4 12. gxf4 Bg4 13. Nd2 Bh6 14. Ne2
Bxe2 15. Kxe2 Bxf4 16. Nc4 Rd8 17. Kf3 Bh6 18. Rad1 b6 19. Ke4 Bg7 20. f4 Rd7
21. f5 Rf8 22. h4 Kd8 23. h5 gxf5+ 24. Kxf5 Kc7 25. Rxd7+ Kxd7 26. Rg1 Bh6 27.
Ke4 Ke6 28. Rg3 Rd8 29. Ne3 Bxe3 30. Rxe3 Rd2 31. Rc3 c5 32. b4 Rd4+ 33. Ke3
Rxb4 34. Ra3 a5 35. c3 Rb1 36. Kf4 Rf1+ 37. Ke4 Rb1 38. Kf4 h6 39. c4 Rf1+ 40.
Ke4 Rh1 41. Rb3 Rh4+ 42. Kf3 Rh3+ 43. Ke4 Rxb3 0-1

[Event "4NCL/Div4/PONTY vs. JUTK"]
[Site "Birmingham ENG"]
[Date "2006.09.23"]
[Round "1.5"]
[White "Davis, Ashley"]
[Black "Rice, Chris"]
[Result "0-1"]
[WhiteElo "1535"]
[BlackElo "2114"]
[PlyCount "86"]
[EventDate "2006.09.23"]
[EventType "team"]
[EventRounds "11"]
[EventCountry "ENG"]
[WhiteTeam "Pontypridd"]
[BlackTeam "Jutes of Kent"]

1. d4 d5 2. Nf3 Nf6 3. g3 Bf5 4. Bg2 h6 5. O-O e6 6. Nbd2 Nbd7 7. c4 c6 8. b3
a5 9. Bb2 Bd6 10. Re1 O-O 11. Nh4 Bh7 12. e4 Nxe4 13. Nxe4 dxe4 14. Bxe4 Bxe4
15. Rxe4 Nf6 16. Re1 a4 17. bxa4 Qa5 18. Qb3 Qxa4 19. Red1 b5 20. d5 cxd5 21.
Bxf6 Qxb3 22. axb3 gxf6 23. Rxa8 Rxa8 24. cxd5 Ra6 25. f4 Bc5+ 26. Kf1 Rd6 27.
Ke2 Rxd5 28. Rxd5 exd5 29. Kd3 h5 30. Nf3 Kf8 31. Nd4 b4 32. h3 Ke8 33. Ne2 Kd7
34. g4 hxg4 35. hxg4 Ke6 36. Nd4+ Bxd4 37. Kxd4 Kd6 38. g5 fxg5 39. fxg5 Ke6
40. Kc5 Ke5 41. Kxb4 d4 42. Kc4 Ke4 43. b4 d3 0-1

[Event "4NCL/Div4/PONTY vs. JUTK"]
[Site "Birmingham ENG"]
[Date "2006.09.23"]
[Round "1.6"]
[White "Robertson, Mark"]
[Black "Warden, Peter"]
[Result "1-0"]
[WhiteElo "2105"]
[BlackElo "1393"]
[PlyCount "53"]
[EventDate "2006.09.23"]
[EventType "team"]
[EventRounds "11"]
[EventCountry "ENG"]
[WhiteTeam "Jutes of Kent"]
[BlackTeam "Pontypridd"]

1. e4 c5 2. Nf3 Nc6 3. d4 d6 4. d5 Nb8 5. Bb5+ Bd7 6. a4 a6 7. Bc4 h6 8. e5
dxe5 9. Nxe5 Qb6 10. Nc3 e6 11. Qh5 g6 12. Qf3 Rh7 13. O-O Ne7 14. Re1 Bc8 15.
a5 Qd8 16. dxe6 f5 17. Rd1 Qc7 18. Bf4 Nec6 19. Nd7 Qd8 20. Nxf8 Nd4 21. Qg3
Kxf8 22. Qxg6 Nf3+ 23. gxf3 Qe7 24. Nd5 Qg7 25. Bd6+ Kg8 26. Ne7+ Kh8 27. Be5
1-0

[Event "4NCL/Div4/PAND vs. MONM"]
[Site "Birmingham ENG"]
[Date "2006.09.23"]
[Round "1.1"]
[White "Taylor, Robert M"]
[Black "Sully, David"]
[Result "1-0"]
[WhiteElo "2221"]
[BlackElo "2145"]
[PlyCount "43"]
[EventDate "2006.09.23"]
[EventType "team"]
[EventRounds "11"]
[EventCountry "ENG"]
[WhiteTeam "Pandoras Box"]
[BlackTeam "Monmouth"]

1. e4 e6 2. d4 d5 3. Nc3 Nf6 4. exd5 exd5 5. Bd3 c6 6. Nge2 Be7 7. Ng3 O-O 8.
O-O Bg4 9. f3 Be6 10. Nce2 c5 11. c3 Nc6 12. Be3 cxd4 13. Nxd4 Bc5 14. Qd2 Nxd4
15. cxd4 Bb6 16. Rac1 Ne8 17. Bb1 Nd6 18. Bg5 Bxd4+ 19. Qxd4 Qxg5 20. f4 Qg4
21. Rc3 g6 22. Qf6 1-0

[Event "4NCL/Div4/PAND vs. MONM"]
[Site "Birmingham ENG"]
[Date "2006.09.23"]
[Round "1.2"]
[White "Thomas, Joseff"]
[Black "Woolley, Jos"]
[Result "1-0"]
[WhiteElo "2029"]
[BlackElo "2094"]
[PlyCount "67"]
[EventDate "2006.09.23"]
[EventType "team"]
[EventRounds "11"]
[EventCountry "ENG"]
[WhiteTeam "Monmouth"]
[BlackTeam "Pandoras Box"]

1. e4 e5 2. Bc4 Nf6 3. Nf3 Nxe4 4. Nc3 Nxc3 5. dxc3 f6 6. O-O Nc6 7. Nh4 g6 8.
f4 f5 9. Nf3 e4 10. Ng5 Qf6 11. Be3 h6 12. Nf7 Rh7 13. Ne5 Nxe5 14. fxe5 Qxe5
15. Kh1 Bg7 16. Bf4 Qc5 17. Bb3 Be5 18. Be3 Qd6 19. Qe2 Qf6 20. g4 d6 21. gxf5
gxf5 22. Qh5+ Ke7 23. Rg1 f4 24. Bf2 Qf5 25. Bh4+ Bf6 26. Bxf6+ Kxf6 27. Qh4+
Ke5 28. Rg8 d5 29. Qd8 Rd7 30. Qh4 Qf6 31. Re8+ Kf5 32. Qh3+ Kg6 33. Rxc8 Rxc8
34. Rg1+ 1-0

[Event "4NCL/Div4/PAND vs. MONM"]
[Site "Birmingham ENG"]
[Date "2006.09.23"]
[Round "1.3"]
[White "Birtwhistle, Nigel"]
[Black "Davis, Lee"]
[Result "1-0"]
[WhiteElo "2105"]
[BlackElo "2025"]
[PlyCount "67"]
[EventDate "2006.09.23"]
[EventType "team"]
[EventRounds "11"]
[EventCountry "ENG"]
[WhiteTeam "Pandoras Box"]
[BlackTeam "Monmouth"]

1. d4 Nf6 2. c4 g6 3. Nc3 Bg7 4. e4 d6 5. Nge2 e5 6. d5 O-O 7. Ng3 a5 8. Be2
Na6 9. h4 h5 10. Bg5 Qe8 11. Qd2 Kh7 12. O-O Bd7 13. Rae1 Ng8 14. Bd3 Bh6 15.
f4 Nc5 16. Bc2 Bxg5 17. hxg5 exf4 18. Nxh5 Qe5 19. Nf6+ Nxf6 20. gxf6 Qxf6 21.
Rxf4 Qe7 22. e5 Rae8 23. Re2 Qd8 24. exd6 Rxe2 25. Nxe2 cxd6 26. Qd4 f6 27.
Rh4+ Kg7 28. Qf4 g5 29. Rh7+ Kg8 30. Qh2 f5 31. Rh8+ Kf7 32. Qh7+ Kf6 33. Qh6+
Ke7 34. Qxg5+ 1-0

[Event "4NCL/Div4/PAND vs. MONM"]
[Site "Birmingham ENG"]
[Date "2006.09.23"]
[Round "1.4"]
[White "Waterfield, John"]
[Black "Kilshaw, Joe"]
[Result "1-0"]
[WhiteElo "2060"]
[BlackElo "2060"]
[PlyCount "99"]
[EventDate "2006.09.23"]
[EventType "team"]
[EventRounds "11"]
[EventCountry "ENG"]
[WhiteTeam "Monmouth"]
[BlackTeam "Pandoras Box"]

1. e4 c5 2. d4 cxd4 3. c3 dxc3 4. Nxc3 Nc6 5. Nf3 d6 6. Bc4 Bg4 7. Bxf7+ Kxf7
8. Ng5+ Ke8 9. Qxg4 Nf6 10. Qe2 Qd7 11. O-O g6 12. f4 Bg7 13. e5 dxe5 14. fxe5
Qd4+ 15. Kh1 Qxe5 16. Qc4 Nd8 17. Bf4 Qf5 18. Nb5 h6 19. Nc7+ Kf8 20. Nge6+
Nxe6 21. Nxe6+ Kg8 22. Nc7+ Kh7 23. Nxa8 Rxa8 24. Bxh6 Qd5 25. Qxd5 Nxd5 26.
Bxg7 Kxg7 27. Rf2 Rc8 28. h3 Rc7 29. Re1 Nf6 30. g4 Nd5 31. a3 a6 32. Kg2 g5
33. h4 Nf4+ 34. Rxf4 gxf4 35. Kf3 Kf6 36. Kxf4 Rc4+ 37. Re4 e5+ 38. Kf3 Rc2 39.
g5+ Kf5 40. Rg4 Kg6 41. Rb4 Rc7 42. Kg4 b5 43. h5+ Kf7 44. Kf5 Rc5 45. Rg4 Kg7
46. h6+ Kh7 47. g6+ Kxh6 48. g7 e4+ 49. Ke6 Rc6+ 50. Kd7 1-0

[Event "4NCL/Div4/PAND vs. MONM"]
[Site "Birmingham ENG"]
[Date "2006.09.23"]
[Round "1.5"]
[White "McCarthy, Kevin"]
[Black "Thomas, Jac"]
[Result "0-1"]
[WhiteElo "2055"]
[BlackElo "1960"]
[PlyCount "80"]
[EventDate "2006.09.23"]
[EventType "team"]
[EventRounds "11"]
[EventCountry "ENG"]
[WhiteTeam "Pandoras Box"]
[BlackTeam "Monmouth"]

1. d4 Nf6 2. Nc3 g6 3. e4 d6 4. Bg5 Bg7 5. Bd3 O-O 6. Nge2 h6 7. Be3 Ng4 8. Bd2
e5 9. d5 f5 10. f3 Nf6 11. Ng3 f4 12. Nf1 Nh5 13. Qe2 a6 14. O-O-O b5 15. g4
Nf6 16. h4 Nfd7 17. Qg2 c5 18. dxc6 Nxc6 19. Nd5 Nc5 20. Bb4 Nxb4 21. Nxb4 Be6
22. a3 a5 23. Nd5 b4 24. axb4 axb4 25. Bc4 Kh8 26. g5 h5 27. Kd2 b3 28. c3 Ra2
29. Ke1 Qa5 30. Qd2 Rc8 31. Ne7 Bxc4 32. Qxd6 Rxb2 33. Rh2 Qxc3+ 34. Rhd2 Nd3+
35. Ke2 Rxd2+ 36. Rxd2 b2 37. Qxg6 Ne1+ 38. Kf2 Qxf3+ 39. Kg1 Qxf1+ 40. Kh2
Nf3# 0-1

[Event "4NCL/Div4/PAND vs. MONM"]
[Site "Birmingham ENG"]
[Date "2006.09.23"]
[Round "1.6"]
[White "Thomas, Kevin"]
[Black "Coates, David"]
[Result "1/2-1/2"]
[WhiteElo "1980"]
[BlackElo "2055"]
[PlyCount "67"]
[EventDate "2006.09.23"]
[EventType "team"]
[EventRounds "11"]
[EventCountry "ENG"]
[WhiteTeam "Monmouth"]
[BlackTeam "Pandoras Box"]

1. e4 c6 2. d4 d5 3. exd5 cxd5 4. Bd3 Nf6 5. Nf3 e6 6. O-O Be7 7. c3 O-O 8. Bf4
Nc6 9. Nbd2 Bd7 10. Ne5 Rc8 11. Qf3 Nxe5 12. dxe5 Ne8 13. Rfe1 g6 14. Nf1 Bg5
15. Rad1 Bxf4 16. Qxf4 f6 17. Qg3 f5 18. Bc2 Qb6 19. Bb3 Bb5 20. Rd4 Ng7 21.
Rh4 Rc7 22. Qh3 Nh5 23. Nd2 Rfc8 24. Bd1 Be8 25. Bxh5 gxh5 26. Rb4 Qa6 27. Re3
Bg6 28. Rg3 Qe2 29. Nf1 Qxe5 30. Re3 Qf6 31. Qg3 b6 32. Nd2 Rd7 33. Rd4 Kh8 34.
Nf3 1/2-1/2

[Event "4NCL/Div4/CELT vs. ANGA"]
[Site "Birmingham ENG"]
[Date "2006.09.23"]
[Round "1.1"]
[White "Hoffmann, Hendrik"]
[Black "Munson, Shaun D"]
[Result "1-0"]
[WhiteElo "2329"]
[BlackElo "2208"]
[PlyCount "71"]
[EventDate "2006.09.23"]
[EventType "team"]
[EventRounds "11"]
[EventCountry "ENG"]
[WhiteTeam "Celtic Tigers"]
[BlackTeam "Ang Avengers"]

1. e4 c5 2. Nf3 Nc6 3. c3 Nf6 4. e5 Nd5 5. d4 cxd4 6. Bc4 Nb6 7. Bb3 g6 8. cxd4
Bg7 9. O-O O-O 10. Re1 d5 11. h3 Bf5 12. Nh4 Bxb1 13. Rxb1 e6 14. Nf3 Rc8 15.
Bg5 Qd7 16. Qd2 Ne7 17. Nh2 Nc4 18. Qf4 Kh8 19. Ng4 Ng8 20. Nf6 Bxf6 21. exf6
Qd6 22. Qh4 Rfd8 23. Bc2 Rd7 24. Rbc1 Qf8 25. Bf4 Nd6 26. Be5 Nc4 27. Bxg6 fxg6
28. Rxc4 Rf7 29. Rxc8 Qxc8 30. Re3 h6 31. Rg3 Kh7 32. Qg4 g5 33. Qh5 Rf8 34.
Rc3 Qd8 35. Rc7+ Kh8 36. Qg6 1-0

[Event "4NCL/Div4/CELT vs. ANGA"]
[Site "Birmingham ENG"]
[Date "2006.09.23"]
[Round "1.2"]
[White "Gregory, Stephen J"]
[Black "Thomas, Robert K"]
[Result "0-1"]
[WhiteElo "2128"]
[BlackElo "2132"]
[PlyCount "100"]
[EventDate "2006.09.23"]
[EventType "team"]
[EventRounds "11"]
[EventCountry "ENG"]
[WhiteTeam "Ang Avengers"]
[BlackTeam "Celtic Tigers"]

1. e4 e6 2. d3 d5 3. Nd2 Nf6 4. Ngf3 b5 5. e5 Nfd7 6. d4 b4 7. Be2 c5 8. dxc5
Qc7 9. O-O Ba6 10. Nb3 Nxc5 11. Be3 Bxe2 12. Qxe2 Nbd7 13. Rfe1 Na4 14. Bd4 Be7
15. c3 bxc3 16. bxc3 O-O 17. Rac1 Nab6 18. Na5 Rfc8 19. h4 h6 20. g3 Na4 21.
Nb3 Qc4 22. Qe3 Rc7 23. Nfd2 Qa6 24. Rc2 Rac8 25. Rec1 Ba3 26. Rf1 Ndc5 27.
Bxc5 Nxc5 28. Qd4 Nd3 29. Nb1 Be7 30. Kg2 Nb4 31. Rb2 Nxa2 32. Qf4 Nxc3 33.
N1d2 Qb6 34. Ra1 Bb4 35. Nd4 a5 36. g4 Nb5 37. Nxb5 Qxb5 38. g5 hxg5 39. Qxg5
Qd3 40. Nf1 Bc3 41. Ra3 Qe4+ 42. f3 Qxe5 43. Qxe5 Bxe5 44. Rb5 Bc3 45. Kf2 Bb4
46. Rd3 g6 47. f4 Rc3 48. Ke3 R8c4 49. Rxc3 Rxc3+ 50. Kd4 Rf3 0-1

[Event "4NCL/Div4/CELT vs. ANGA"]
[Site "Birmingham ENG"]
[Date "2006.09.23"]
[Round "1.3"]
[White "Fathallah, Joe"]
[Black "Ruthen, Steven"]
[Result "1/2-1/2"]
[WhiteElo "1922"]
[BlackElo "2110"]
[PlyCount "41"]
[EventDate "2006.09.23"]
[EventType "team"]
[EventRounds "11"]
[EventCountry "ENG"]
[WhiteTeam "Celtic Tigers"]
[BlackTeam "Ang Avengers"]

1. d4 Nf6 2. c4 g6 3. Nf3 Bg7 4. Nc3 O-O 5. Bg5 h6 6. Bf4 d6 7. Qd2 Kh7 8. e3
Nc6 9. Bd3 Re8 10. d5 e5 11. dxe6 Bxe6 12. h4 Nb4 13. Ng5+ hxg5 14. hxg5+ Kg8
15. gxf6 Qxf6 16. O-O Nxd3 17. Qxd3 Bf5 18. Qd2 g5 19. Bg3 b6 20. Nd5 Qd8 21.
Rac1 1/2-1/2

[Event "4NCL/Div4/CELT vs. ANGA"]
[Site "Birmingham ENG"]
[Date "2006.09.23"]
[Round "1.4"]
[White "Wallis, Ian"]
[Black "Larter, Nick"]
[Result "1/2-1/2"]
[WhiteElo "2075"]
[BlackElo "1706"]
[PlyCount "74"]
[EventDate "2006.09.23"]
[EventType "team"]
[EventRounds "11"]
[EventCountry "ENG"]
[WhiteTeam "Ang Avengers"]
[BlackTeam "Celtic Tigers"]

1. e4 e6 2. d4 d5 3. e5 c5 4. c3 Qb6 5. Nf3 Bd7 6. a3 a5 7. b3 a4 8. b4 cxb4 9.
cxb4 Na6 10. Bd3 Nc7 11. O-O Bb5 12. Nc3 Bxd3 13. Qxd3 Ne7 14. Bd2 Nc6 15. Rac1
Be7 16. Be3 O-O 17. Rfd1 Rfc8 18. Ne1 Ne8 19. Qf1 f6 20. exf6 Bxf6 21. Nf3 Nd6
22. Ne5 Qd8 23. Nxc6 Rxc6 24. Qd3 Rc4 25. Ne2 b5 26. g3 Qd7 27. Bf4 Rxc1 28.
Rxc1 Nc4 29. Re1 Re8 30. Rd1 Nb2 31. Qd2 Nxd1 32. Qxd1 Qc6 33. Qd3 Qc4 34. Qe3
Qb3 35. Qc1 Qc4 36. Qe3 Qb3 37. Qc1 Qc4 1/2-1/2

[Event "4NCL/Div4/CELT vs. ANGA"]
[Site "Birmingham ENG"]
[Date "2006.09.23"]
[Round "1.5"]
[White "Kitchen, Michael J"]
[Black "Gray, Mark S"]
[Result "0-1"]
[WhiteElo "1745"]
[BlackElo "2083"]
[PlyCount "68"]
[EventDate "2006.09.23"]
[EventType "team"]
[EventRounds "11"]
[EventCountry "ENG"]
[WhiteTeam "Celtic Tigers"]
[BlackTeam "Ang Avengers"]

1. d4 Nf6 2. Nf3 d5 3. c4 e6 4. Nc3 Be7 5. Bg5 O-O 6. e3 h6 7. Bxf6 Bxf6 8.
cxd5 exd5 9. Rc1 c6 10. Bd3 Re8 11. O-O Bg4 12. Qe2 Bxd4 13. h3 Bxf3 14. Qxf3
Bf6 15. e4 d4 16. Ne2 Nd7 17. Nf4 Ne5 18. Qe2 Bg5 19. g3 Ng6 20. Qg4 Qd6 21.
Nxg6 Bxc1 22. e5 Qc5 23. Qf5 fxg6 24. Qxg6 Rxe5 25. Qh7+ Kf7 26. Qg6+ Kf8 27.
Qh7 Qd5 28. Rxc1 Rae8 29. Kh2 Re1 30. Qh8+ Qg8 31. Qxg8+ Kxg8 32. Rc2 Kf7 33.
g4 Kf6 34. Kg2 Rd1 0-1

[Event "4NCL/Div4/CELT vs. ANGA"]
[Site "Birmingham ENG"]
[Date "2006.09.23"]
[Round "1.6"]
[White "Botham, C Paul"]
[Black "Bannon, Senan"]
[Result "1/2-1/2"]
[WhiteElo "2049"]
[BlackElo "1302"]
[PlyCount "63"]
[EventDate "2006.09.23"]
[EventType "team"]
[EventRounds "11"]
[EventCountry "ENG"]
[WhiteTeam "Ang Avengers"]
[BlackTeam "Celtic Tigers"]

1. d4 Nf6 2. Nf3 e6 3. Bg5 Be7 4. e3 c5 5. c3 Nc6 6. Bd3 b6 7. Nbd2 d5 8. O-O
Bb7 9. Qe2 O-O 10. Ne5 Nxe5 11. dxe5 Nd7 12. Bxe7 Qxe7 13. f4 c4 14. Bc2 Nc5
15. Rad1 Ba6 16. Nf3 Nd3 17. Bb1 Qc5 18. Ne1 Nxe1 19. Rfxe1 f6 20. exf6 Rxf6
21. g3 Raf8 22. Qc2 g6 23. Qd2 Bb7 24. Qd4 Qxd4 25. cxd4 b5 26. a3 a5 27. Bc2
Rc8 28. Rb1 Rf7 29. Rec1 Rfc7 30. Kf2 a4 31. Bd1 Kf7 32. h4 1/2-1/2

[Event "4NCL/Div4/ATH1 vs. WEA1"]
[Site "Birmingham ENG"]
[Date "2006.09.23"]
[Round "1.1"]
[White "Pedersen, Carsten"]
[Black "Fryer, David W"]
[Result "1-0"]
[WhiteElo "2108"]
[BlackElo "2101"]
[PlyCount "131"]
[EventDate "2006.09.23"]
[EventType "team"]
[EventRounds "11"]
[EventCountry "ENG"]
[WhiteTeam "Athenaeum 1"]
[BlackTeam "W Collective 1"]

1. e4 e5 2. Nc3 Nc6 3. Bc4 d6 4. d3 Na5 5. f4 Nxc4 6. dxc4 exf4 7. Bxf4 Be6 8.
Qe2 Qd7 9. O-O-O Qc6 10. Nd5 O-O-O 11. b3 Qa6 12. Kb1 Ne7 13. Nf3 Ng6 14. Bc1
c6 15. Ne3 d5 16. exd5 cxd5 17. Qd2 Bc5 18. Nxd5 Rd7 19. Qc3 f6 20. Nf4 Nxf4
21. Bxf4 Rhd8 22. Rxd7 Rxd7 23. a4 Qb6 24. a5 Qb4 25. Bd2 Qxc3 26. Bxc3 Bg4 27.
Re1 Bh5 28. b4 Bf8 29. Nd4 Bf7 30. Ne6 Bd6 31. Nxg7 Bxc4 32. Re8+ Kc7 33. Ne6+
Bxe6 34. Rxe6 Bxh2 35. Rxf6 Rd1+ 36. Kb2 Rd7 37. Rh6 Bd6 38. Rh5 Rf7 39. Bd4 a6
40. Kb3 Bf4 41. Rh4 Bg5 42. Re4 Kd7 43. Kc4 Bd8 44. Rg4 h5 45. Rg6 Rh7 46. Kd5
h4 47. Rg7+ Rxg7 48. Bxg7 Bg5 49. Bd4 Bd2 50. Kc5 Be1 51. c3 Bg3 52. Kd5 Be1
53. b5 axb5 54. Kc5 Bg3 55. Kxb5 Kc8 56. c4 Kb8 57. Bb6 Ka8 58. Kc5 Be1 59. Kd6
Bg3+ 60. Kd7 Be1 61. c5 Bg3 62. a6 Bf2 63. axb7+ Kb8 64. Kc6 Bg3 65. Bd8 Ka7
66. Bc7 1-0

[Event "4NCL/Div4/ATH1 vs. WEA1"]
[Site "Birmingham ENG"]
[Date "2006.09.23"]
[Round "1.2"]
[White "Fraser, Joe P"]
[Black "Stevenson, James A B"]
[Result "0-1"]
[WhiteElo "1989"]
[BlackElo "2089"]
[PlyCount "56"]
[EventDate "2006.09.23"]
[EventType "team"]
[EventRounds "11"]
[EventCountry "ENG"]
[WhiteTeam "W Collective 1"]
[BlackTeam "Athenaeum 1"]

1. e4 e6 2. d4 d5 3. Nc3 Bb4 4. Nge2 dxe4 5. a3 Be7 6. Nxe4 Nc6 7. g3 Nf6 8.
Bg2 e5 9. Nxf6+ Bxf6 10. d5 Ne7 11. c4 O-O 12. Nc3 Nf5 13. O-O Re8 14. Ne4 Be7
15. b4 a5 16. Rb1 axb4 17. axb4 Nd6 18. Qb3 Bf5 19. f3 Qd7 20. Bb2 Bf8 21. Nc5
Qe7 22. Rbe1 f6 23. g4 b6 24. Ne6 Bxe6 25. dxe6 Qxe6 26. f4 e4 27. Bc3 b5 28.
g5 f5 0-1

[Event "4NCL/Div4/ATH1 vs. WEA1"]
[Site "Birmingham ENG"]
[Date "2006.09.23"]
[Round "1.3"]
[White "Kay, Jonathan"]
[Black "Prescott, Adam P"]
[Result "1/2-1/2"]
[WhiteElo "2000"]
[BlackElo "1934"]
[PlyCount "60"]
[EventDate "2006.09.23"]
[EventType "team"]
[EventRounds "11"]
[EventCountry "ENG"]
[WhiteTeam "Athenaeum 1"]
[BlackTeam "W Collective 1"]

1. e4 g6 2. Nf3 Bg7 3. d4 d6 4. c3 Nd7 5. Bc4 e6 6. O-O h6 7. Nbd2 Ne7 8. Re1
a6 9. Nf1 b5 10. Bb3 Bb7 11. a4 O-O 12. Qe2 bxa4 13. Bxa4 Nb6 14. Bc2 Nc6 15.
Ne3 e5 16. d5 Ne7 17. Ng4 Kh7 18. Bd3 f5 19. exf5 gxf5 20. Nxh6 Bxh6 21. Ng5+
Bxg5 22. Qh5+ Kg7 23. Qxg5+ Kf7 24. Qh5+ Kg8 25. Re3 Rf7 26. Rg3+ Rg7 27. Rxg7+
Kxg7 28. Bh6+ Kg8 29. Qg5+ Kf7 30. Qh5+ Kg8 1/2-1/2

[Event "4NCL/Div4/ATH1 vs. WEA1"]
[Site "Birmingham ENG"]
[Date "2006.09.23"]
[Round "1.4"]
[White "Tucker, Andrew L"]
[Black "McAleenan, Charles"]
[Result "1-0"]
[WhiteElo "1956"]
[BlackElo "1985"]
[PlyCount "65"]
[EventDate "2006.09.23"]
[EventType "team"]
[EventRounds "11"]
[EventCountry "ENG"]
[WhiteTeam "W Collective 1"]
[BlackTeam "Athenaeum 1"]

1. d4 d6 2. e4 Nf6 3. Nc3 c6 4. Bg5 Nbd7 5. Nf3 h6 6. Bf4 Qa5 7. e5 dxe5 8.
dxe5 Ne4 9. Bd3 Ndc5 10. Bxe4 Nxe4 11. Bd2 Nxd2 12. Qxd2 Bg4 13. O-O-O Rd8 14.
Qf4 Rxd1+ 15. Rxd1 Bxf3 16. gxf3 e6 17. Qd4 Qc7 18. Ne4 c5 19. Qa4+ Qc6 20.
Qxc6+ bxc6 21. Nd6+ Bxd6 22. Rxd6 Ke7 23. Rxc6 Rd8 24. Rxc5 Rd4 25. Rc7+ Ke8
26. Rxa7 Rd5 27. f4 Rd4 28. a4 Rxf4 29. a5 Rxf2 30. a6 Rf1+ 31. Kd2 Ra1 32. b4
f6 33. b5 1-0

[Event "4NCL/Div4/ATH1 vs. WEA1"]
[Site "Birmingham ENG"]
[Date "2006.09.23"]
[Round "1.5"]
[White "McLaughlin, Noel"]
[Black "Bucher, Grant W"]
[Result "1-0"]
[WhiteElo "1955"]
[BlackElo "1813"]
[PlyCount "83"]
[EventDate "2006.09.23"]
[EventType "team"]
[EventRounds "11"]
[EventCountry "ENG"]
[WhiteTeam "Athenaeum 1"]
[BlackTeam "W Collective 1"]

1. e4 e5 2. f4 exf4 3. Nf3 d6 4. d4 g5 5. h4 g4 6. Ng1 Qf6 7. Nc3 Be6 8. Nge2
Bh6 9. g3 fxg3 10. Nxg3 Bxc1 11. Rxc1 Qf4 12. Nce2 Qe3 13. d5 Bd7 14. c4 Na6
15. Qd4 Qxd4 16. Nxd4 O-O-O 17. Bg2 Ne7 18. h5 Nb4 19. O-O Nd3 20. Rc3 Ne5 21.
c5 Kb8 22. b4 Rhg8 23. Rf6 dxc5 24. bxc5 Rg5 25. c6 bxc6 26. Rb3+ Ka8 27. dxc6
Ng8 28. Rf1 Be6 29. Nxe6 fxe6 30. Rb7 Ne7 31. Rxc7 N7xc6 32. Rxh7 Nd4 33. h6
Ndf3+ 34. Kh1 Nh4 35. Rg7 Nef3 36. Bxf3 Rxg7 37. hxg7 Nxf3 38. Nh5 Rg8 39. Kg2
Kb7 40. Kg3 Kc7 41. Rc1+ Kd6 42. Nf6 1-0

[Event "4NCL/Div4/ATH1 vs. WEA1"]
[Site "Birmingham ENG"]
[Date "2006.09.23"]
[Round "1.6"]
[White "Fryer, Keiran"]
[Black "Aniecko, Colin"]
[Result "0-1"]
[WhiteElo "1465"]
[BlackElo "1800"]
[PlyCount "110"]
[EventDate "2006.09.23"]
[EventType "team"]
[EventRounds "11"]
[EventCountry "ENG"]
[WhiteTeam "W Collective 1"]
[BlackTeam "Athenaeum 1"]

1. e4 d5 2. exd5 Qxd5 3. Nc3 Qa5 4. d4 Nf6 5. Nf3 Bf5 6. Bd3 Bg6 7. O-O Nbd7 8.
Bd2 c6 9. Re1 Bxd3 10. cxd3 Qc7 11. b4 a6 12. a4 e6 13. b5 Be7 14. Qb3 O-O 15.
Rab1 Nd5 16. Nxd5 cxd5 17. b6 Qd8 18. a5 Rc8 19. Rec1 Rxc1+ 20. Rxc1 Bd6 21.
Bb4 Nb8 22. Bxd6 Qxd6 23. Rc7 Nc6 24. Rxb7 Nxa5 25. Qa4 Nxb7 26. Qxa6 Rb8 27.
h4 Nd8 28. g4 Qxb6 29. Qa4 Qb5 30. Qa7 Nc6 31. Qc7 Qb7 32. Qf4 Qb1+ 33. Kg2
Qxd3 34. h5 h6 35. g5 Qe4 36. Qg3 Rb3 37. gxh6 Qxf3+ 38. Qxf3 Rxf3 39. Kxf3
gxh6 40. Ke3 Kg7 41. f4 Kf6 42. Kd3 Kf5 43. Ke3 f6 44. Kf3 Nxd4+ 45. Ke3 e5 46.
fxe5 fxe5 47. Kd3 Ne6 48. Ke3 d4+ 49. Kf3 Ng7 50. Ke2 Kf4 51. Kf2 d3 52. Ke1
Kf3 53. Kd1 e4 54. Kd2 Kf2 55. Kd1 e3 0-1